000 00360 a2200169 4500
001 184567
020 _a85-329-0405-X
040 _cMagnum
100 _aSantos, Jorge Fernando Dos
240 1 0 _aReportagem mortal
_lpor
245 1 0 _aReportagem mortal
300 _a111
362 0 _a1998
440 1 _aLĂȘ
697 _aLITERATURA JUVENIL
942 _cBK
999 _c184567
_d184567